Čeština pro posluchače ITSZ. [Část] 2

Hlavní autor: Brand, Vladimír
Jazyk: Čeština
Vydáno: Praha, 1972
Knihy
Uloženo v:
LEADER 00606nam a22001812a 4500
001 000324691
003 CZ BrMZK
005 19980105143423.0
007 ta
008 980105s1972 xr f cze d
040 |a BOA001  |b cze 
100 1 |a Brand, Vladimír  |7 jx20040607002 
245 1 0 |a Čeština pro posluchače ITSZ.  |n [Část] 2 
260 |a Praha,  |c 1972 
910 |a BOA001  |b 4-0664.185,2 
990 |a BK 
996 7 |b 2619832446  |c 4-0664.185,2  |l MZK  |r Sklad / do 1 hodiny  |n 2  |w 000324691  |u 000010  |a 1  |e BOA001  |j MZK50  |s A 
996 6 |b 324691-10  |c 4-0664.185,2  |l MZK  |r Sklad / do 1 hodiny  |n 0  |w 000324691  |u 000020  |a 1  |e BOA001  |j MZK50  |s P